1586 1290 1091 1295 1985 1669 1522 1087 1178 1580 1161 1937 1519 1810 1168 1567 1073 1583 1602 1863 1577 1575 1459 1641 1724 1452 1720 1949 1055 1720 1724 1979 1143 1962 1439 1331 1355 1115 1570 1452 1978 1178 1293 1936 1886 1573 1941 1407 1111 1831 1192 1567 1068 1363 1439 1932 1721 1114 1237 1362 1704 1732 1486 1730 1507 1148 1722 1247 1398 1429 1426 1253 1470 1160 1417 1830 1458 1766 1701 1542 1055 1909 1405 1568 1767 1640 1357 1339 1261 1535 1022 1799 1927 1424 1060 1837 1656 1893 1901 BCNSPRNW ULIB Ver.6.0+V

เปลี่ยนเป็นภาษาไทย

Change to English
 แสดงรายละเอียดบรรณานุกรม
  กลับหน้าหลัก

Brief Record : Get Marc (ISO 2709) : E-mail record : QR code < ปิดหน้าต่าง
LEADER : 00000nam 2200000uu 4500
001    13399126425
003     ULIB
008    180915s2560||||th 000 0 tha d
020    ^a9789740334347
050  4 ^aLB2369^bส63ค
100 0  ^aสิทธิ์ ธีรสรณ์
245 10 ^aเคล็ดลับการเขียนรายงานวิจัยและวิทยานิพนธ์ /^cสิทธิ์ ธีรสรณ์
250    ^aพิมพ์ครั้งที่ 4
260    ^aกรุงเทพฯ :^bสำนักพิมพ์แห่งจุฬาลงกรณ์มหาวิทยาลัย,^c2560
504    ^aบรรณานุกรม: หน้า 223-228
590    ^aPurchase-T-61
650  7 ^aการเขียนทางวิชาการ
650  7 ^aการเขียนรายงาน
650  7 ^aวิจัย^xการเขียน
650  7 ^aวิทยานิพนธ์^xการเขียน
945    ^p200^l0^i26627
999    ^aกัณชพร จุลอักษร
รายการนี้ยังไม่มีแท็ก
คุณยังไม่ได้ล็อกอิน คุณสามารถมีกิจกรรมร่วมกับเว็บไซต์ได้ แต่ต้องล็อกอินก่อน ::
  ล็อกอิน

รายการสื่อสารสนเทศ

ลำดับที่ ประเภท เลขเรียก/บาร์โค้ด สถานที่ สถานะ
1. วิทยาศาสตร์การแพทย์ และสุขภาพ
วิทยาศาสตร์การแพทย์ และสุขภาพ
LB2369 ส63ค ฉ.1 
  Barcode: 26627
ห้องสมุดวิทยาเขตนครสวรรค์
►หนังสือทั่วไป:l:General Books
บนชั้น

รายการใกล้เคียง
    ผู้แต่ง [สิทธิ์ ธีรสรณ์]

    หัวเรื่อง [การเขียนทางวิชาการ]
    หัวเรื่อง [การเขียนรายงาน]

BibComment


ยังไม่เคยถูกคอมเมนท์

คอมเมนท์ทรัพยากรรายการนี้
  คอมเมนท์: เคล็ดลับการเขียน..


 Copyright 2026. Bcnsprnw @Library